000 00492nam a2200181Ia 4500
005 20250326141634.0
008 250326s9999 xx 000 0 und d
037 _aTextbook
040 _aFMSL
_beng
_cFMSL
041 _aeng
_2eng
084 _qFMSL
100 _aCantwell John
245 0 _aTechnological innovation and multinational corporations
_cCantwell John
260 _aOxford
_bOxford, Basil Blackwell
_c1989
300 _a255p
942 _cTB
999 _c1291259
_d1291259